00317nam a2200121Ia 4500008004100000040001600041041001200057082001600069100001700085245004400102260003800146300001100184230917s9999||||xx |||||||||||||| ||und|| e37862aMAIN aEnglish a823.8 F774O aForster, E M 0aOnly connect: Letters to Indian friends aNew DelhibArnold-Heinemannc1979 a127 p.